000
00205nam a22000857a 4500
008
170201b xxu||||| |||| 00| 0 eng d
100
_9
2721
_a
Lew.K.
245
_a
Physical Science-3-5
260
_a
U.S.A.
_b
CD
_c
2009
999
_c
5887
_d
5887